Atlético de Madrid Squad Champions League 2024/2025 - Statistics

General Stats
  • This quiz has been taken 86 times
  • The average score is 19 of 25
Answer Stats
Picture Answer % Correct
Jan Oblak
99%
César Azpilicueta
94%
Alex Witsel
91%
Antoine Griezmann
91%
Clément Lenglet
91%
Julián Álvarez
91%
Rodrigo De Paul
90%
Alexander Sørloth
88%
Koke
88%
Thomas Lemar
88%
Conor Gallagher
87%
Jose María Giménez
87%
Nahuel Molina
85%
Robin Le Normand
85%
Ángel Correa
84%
Marcos Llorente
84%
Reinildo
79%
Giuliano Simeone
75%
Javi Galán
69%
Pablo Barrios
69%
Samuel Lino
69%
Juan Musso
66%
Rodrigo Riquelme
61%
Géronimo Spina
10%
Alejandro Monserrate
7%
No matching quizzes found
Score Distribution
Percent of People with Each Score
Percentile by Number Answered
Your Score History
You have not taken this quiz